Mojej dcére láskyplné odkazy na každý deň

Bibliographic Details
Other Authors: Clarke, Juliette (Illustrator), Exley, Helen (Compiler), Semaková, Silvia, 1952- (Translator)
Format: Book
Language:Slovak
English
PhysicalDescription:368 nečíslovaných strán farebné ilustrácie 14 cm
Published: Bratislava Slovart 2024
ISBN:9788055664514
Edition:Prvé slovenské vydanie
Subjects:

MARC

LEADER 00000nam a2200000 4500
001 vtls012265274
003 SK-MaSNL
005 20260302025856.0
008 241011s2024 xo a g 000 1 slo
015 |a SNBA2024/11 
020 |a 9788055664514  |q (hrebeňová väzba) 
040 |a SNK  |b slo  |c SNK  |e rda 
041 1 |a slo  |h eng 
044 |a xo  |c SK 
072 7 |a 17  |x Etika. Morálna filozofia  |2 konspekt 
080 |a 173.5/.7  |2 2011 
080 |a 17.02  |2 2011 
080 |a (0:82-84)  |2 2011 
130 0 |a For my daughter: Daily messages of love  |l Slovensky  |9 675807 
245 1 0 |a Mojej dcére  |b láskyplné odkazy na každý deň  |c [zostavila] Helen Exley ; z anglického originálu For my daughter: Daily messages of love ... preložila Silvia Semaková 
250 |a Prvé slovenské vydanie 
264 1 |a Bratislava  |b Slovart  |c 2024 
300 |a 368 nečíslovaných strán  |b farebné ilustrácie  |c 14 cm 
336 |a text  |b txt  |2 rdacontent 
336 |a statický obraz  |b sti  |2 rdacontent 
337 |a bez média  |b n  |2 rdamedia 
338 |a zväzok  |b nc  |2 rdacarrier 
500 |a Dokument uložený v kartónovom obale 
500 |a Ilustrovala Juliette Clarke 
500 |a Názov z obálky 
500 |a Vytlačené naprieč, možno postaviť ako stolový kalendár 
650 0 7 |a životná múdrosť  |2 SNKPH  |9 4008 
650 0 7 |a Mothers and daughters  |2 SNKPHeng  |9 338242 
650 0 7 |a Life wisdom  |2 SNKPHeng  |9 305004 
650 0 7 |a matky a dcéry  |2 SNKPH  |9 68827 
655 7 |a aforizmy  |2 SNKPH  |9 1250 
655 7 |a Aphorisms  |2 SNKPHeng  |9 297683 
700 1 |a Clarke, Juliette  |4 ill  |9 326844 
700 1 |a Exley, Helen  |4 com  |9 317615 
700 1 |a Semaková, Silvia,  |d 1952-  |4 trl  |9 117797 
852 |a Slovenská národná knižnica 
919 |a 978-80-556-6451-4 
954 |a iná literatúra (príručky, kuchárske knihy, hobby literatúra, sprievodcovia) cudzojazyčná (svetová)  |2 lita 
958 |a OP 
968 |b ENG 
999 |c 1045579  |d 1047509 
952 |a SNK  |b SNK  |y PREZ  |7 0  |p 17A1553543  |o snkOSE 5721  |i snk2024/15752  |8 0  |0 0  |1 0  |4 0  |d 2024-10-11  |l 0  |r 2026-02-24 14:38:04  |w 2026-02-24 
952 |a SNK  |b SNK  |y PREZ  |7 0  |p 17A1553542  |o snkOSE 5721 D1  |i snk2024/15753  |8 0  |0 0  |1 0  |4 0  |d 2024-10-11  |l 0  |r 2026-02-24 14:38:04  |w 2026-02-24